000 00509cam a22001934a 4500
005 20250605164252.0
008 250528s ||||||||||||||||||||||||d
035 _a21779
020 _a9789609500036
040 _aGR-AtMCL
_bgre
_dGR-AtMCL
_eAACR2
245 1 _aΜΑΓΕΥΤΙΚΑ ΚΛΑΣΙΚΑ ΠΑΡΑΜΥΘΙΑ: ΠΙΤΕΡ ΠΑΝ
250 _a1
260 _bJoconda,
_c2012
300 _a16
700 1 _aΒουλγαρη Μαρια
_97702
942 _cBK
999 _c6838
_d6838